| 000 | 00795nam a2200157 a 4500 | ||
|---|---|---|---|
| 008 | 120416s1973 ||||||||||||||||| || u | ||
| 050 | _aHF 5415.2 Dav | ||
| 100 | _aDavies, Anthony Hawes | ||
| 245 | 1 | 4 | _aThe practice of marketing research |
| 260 |
_aLondon _bHeinemann _c1973 |
||
| 300 | _axii, 249p. : ill. | ||
| 350 | _a0.00 | ||
| 995 |
_aTEXTBOOKS (SB) _D0.00 _e1203 _FCBU-SCHOOL TEXTBOOK COLLECTIONS _H1 _I0.00 _jSCHOOL TEXTBOOK _M3 _UAVAILABLE _WSep 17, 2009 _y1203 _ZSchool Collections |
||
| 995 |
_aMAIN LIBRARY OPEN ACCESS _D0.00 _e005678 _FCBU-MAIN LIBRARY (Kitwe) _H1 _I0.00 _jHF 5415.2 Dav _UAVAILABLE _y005678 _ZMain Library Open Access Collection |
||
| 995 |
_aTEXTBOOKS (SB) _D0.00 _e1202 _FCBU-SCHOOL TEXTBOOK COLLECTIONS _H1 _I0.00 _jSCHOOL TEXTBOOK _M2 _UAVAILABLE _WSep 17, 2009 _y1202 _ZSchool Collections |
||
| 999 |
_c77007 _d77007 |
||